Vista normal Vista MARC

Entrada Materia (tema)

Número de registros utilizados en: 1

001 - CONTROL NUMBER

  • control field: 180165

003 - CONTROL NUMBER IDENTIFIER

  • control field: Co-BoUCM

005 - DATE AND TIME OF LATEST TRANSACTION

  • control field: 20240304104149.0

008 - FIXED-LENGTH DATA ELEMENTS

  • fixed length control field: 240304|| aca||aabn | a|a d

040 ## - CATALOGING SOURCE

  • Original cataloging agency: Co-BoUCM
  • Transcribing agency: Co-BoUCM

150 ## - HEADING--TOPICAL TERM

  • Topical term or geographic name as entry element: Periodistas
  • General subdivision: Etica periodistica

670 ## - SOURCE DATA FOUND

  • Source citation: Work cat.: (Co-BoUCM): Rojas Torrijos, José Luis 180163, Manual de nuevos perfiles profesionales para el periodismo y la no ficción, 2023